| 000 | 00495nam a22001697a 4500 | ||
|---|---|---|---|
| 005 | 20150124123442.0 | ||
| 008 | 120521t mx||||| |||| 00| 0 spa d | ||
| 050 | 4 |
_aB 45 _bB45 1908 |
|
| 100 | 1 | _9Bertrand, Alejo | |
| 245 | 1 | 0 |
_aLéxico de Filosofía / _cAlejo Bertrand; traductor Eloy Luis André. |
| 250 | _a1a ed. | ||
| 260 |
_aMéxico : _bBouret, _c1908. |
||
| 300 |
_a245 p. ; _c19 cm. |
||
| 650 | 7 |
_2lemb _aFilosofía _xTerminología |
|
| 700 | 1 | _aAndré, Eloy Luis, tr. | |
| 942 |
_2ddc _cLIB |
||
| 999 |
_c31127 _d31127 |
||